Sports Quiz

Random Sports Quiz

MLB 50+ Stolen Base Seasons 1980-2009 Quiz Stats

 Plays Quiz not verified by Sporcle

Challenge
Share
Tweet
Embed
Score 0/143 Timer 12:00
0 Plays Today
Year Player % Correct
1980Rickey Henderson
98.8%
1981Rickey Henderson
98.8%
1982Rickey Henderson
98.8%
1983Rickey Henderson
98.8%
1984Rickey Henderson
98.8%
1985Rickey Henderson
98.8%
1986Rickey Henderson
98.8%
1988Rickey Henderson
98.8%
1989Rickey Henderson
98.8%
1990Rickey Henderson
98.8%
1991Rickey Henderson
98.8%
1993Rickey Henderson
98.8%
1998Rickey Henderson
98.8%
2003Carl Crawford
89.9%
2004Carl Crawford
89.9%
2006Carl Crawford
89.9%
2007Carl Crawford
89.9%
2009Carl Crawford
89.9%
2005Jose Reyes
87.8%
2006Jose Reyes
87.8%
2007Jose Reyes
87.8%
2008Jose Reyes
87.8%
1981Tim Raines
86.8%
1982Tim Raines
86.8%
1983Tim Raines
86.8%
1984Tim Raines
86.8%
1985Tim Raines
86.8%
1986Tim Raines
86.8%
1987Tim Raines
86.8%
1991Tim Raines
86.8%
2003Juan Pierre
83.1%
2005Juan Pierre
83.1%
2006Juan Pierre
83.1%
2007Juan Pierre
83.1%
1985Vince Coleman
82.9%
1986Vince Coleman
82.9%
1987Vince Coleman
82.9%
1988Vince Coleman
82.9%
1989Vince Coleman
82.9%
1990Vince Coleman
82.9%
1994Vince Coleman
82.9%
2008Jacoby Ellsbury
82.2%
2009Jacoby Ellsbury
82.2%
1980Ozzie Smith
80.1%
1982Ozzie Smith
80.1%
1984Lonnie Smith
80.1%
1985Lonnie Smith
80.1%
1988Ozzie Smith
80.1%
Year Player % Correct
1992Kenny Lofton
79.8%
1993Kenny Lofton
79.8%
1994Kenny Lofton
79.8%
1995Kenny Lofton
79.8%
1996Kenny Lofton
79.8%
1998Kenny Lofton
79.8%
1990Barry Bonds
79.1%
1980Willie Wilson
78.8%
1982Mookie Wilson
78.8%
1983Willie Wilson
78.8%
1983Mookie Wilson
78.8%
1987Willie Wilson
78.8%
1998Craig Biggio
76.9%
2001Ichiro Suzuki
74.3%
2007Brian Roberts
72.7%
2006Hanley Ramirez
72.4%
2007Hanley Ramirez
72.4%
1986Eric Davis
70%
1987Eric Davis
70%
1987Tony Gwynn
69.9%
2004Scott Podsednik
68.8%
2005Scott Podsednik
68.8%
2009Michael Bourn
67.7%
2005Chone Figgins
67.5%
2006Chone Figgins
67.5%
1985Willie McGee
66%
1996Lance Johnson
64.7%
1988Gerald Young
64.5%
1996Eric Young
64.5%
1999Eric Young
64.5%
2000Eric Young
64.5%
1991Roberto Alomar
63.6%
1993Roberto Alomar
63.6%
1999Luis Castillo
62.6%
2000Luis Castillo
62.6%
1991Marquis Grissom
59.9%
1992Marquis Grissom
59.9%
1993Marquis Grissom
59.9%
1992Brady Anderson
58%
1990Otis Nixon
57.7%
1991Otis Nixon
57.7%
1995Otis Nixon
57.7%
1996Otis Nixon
57.7%
1997Otis Nixon
57.7%
1995Barry Larkin
57.6%
1997Tony Womack
51.6%
1998Tony Womack
51.6%
1999Tony Womack
51.6%
Year Player % Correct
1991Delino DeShields
50%
1997Delino DeShields
50%
1987Harold Reynolds
49.4%
1980Ron LeFlore
46%
1997Chuck Knoblauch
46%
2008Willy Taveras
45.4%
1984Brett Butler
44.8%
1990Brett Butler
44.8%
1999Roger Cedeno
43.5%
2001Roger Cedeno
43.5%
1980Omar Moreno
43.3%
1982Omar Moreno
43.3%
1983Julio Cruz
42.3%
1997Brian Hunter
40.4%
1983Steve Sax
38.3%
1985Ryne Sandberg
38.1%
1984Juan Samuel
37.7%
1985Juan Samuel
37.7%
1997Deion Sanders
33.4%
1983Alan Wiggins
32.6%
1984Alan Wiggins
32.6%
2007Eric Byrnes
32%
1985Gary Pettis
31%
1986Gary Pettis
31%
1992Pat Listach
29.8%
1982Damaso Garcia
29.1%
1980Dave Collins
28%
1984Dave Collins
28%
1998Shannon Stewart
27.9%
2003Alex Sanchez
27%
1993Chuck Carr
25.2%
1995Tom Goodwin
24.8%
1996Tom Goodwin
24.8%
1997Tom Goodwin
24.8%
2000Tom Goodwin
24.8%
1983Rudy Law
23%
1980Rodney Scott
20.8%
1980Miguel Dilone
19.6%
1987Billy Hatcher
19.4%
1992Luis Polonia
16.2%
1993Luis Polonia
16.2%
1995Quilvio Veras
16%
1980Gene Richards
15.7%
1990Eric Yelding
14.1%
1987Gary Redus
12.5%
1986John Cangelosi
11.7%
1980Jerry Mumphrey
8.9%

You're not logged in!

Compare scores with friends on all Sporcle quizzes.
Join for Free
OR
Log In

You Might Also Like...

Show Comments

Extras

Created May 2, 2010ReportNominate
Tags:1980s, base, player, season, stolen, team

Top Quizzes Today


Score Distribution

Your Account Isn't Verified!

In order to create a playlist on Sporcle, you need to verify the email address you used during registration. Go to your Sporcle Settings to finish the process.

Report this User

Report this user for behavior that violates our Community Guidelines.

Details: